[Event "Budapest SixDays 09 GM-A"]
[Site "Budapest"]
[Date "2024.09.24"]
[Round "1"]
[White "Panda, Sambit"]
[Black "Defromont, Benjamin"]
[Result "0-1"]
[WhiteElo "2367"]
[BlackElo "2383"]
[PlyCount "86"]
[EventDate "2024.09.24"]
[EventType "tourn"]
[EventRounds "9"]
[EventCountry "HUN"]
[EventCategory "6"]
[SourceTitle "EXT 2025"]
[Source "ChessBase"]
[SourceDate "2024.10.14"]
[SourceVersion "1"]
[SourceVersionDate "2024.10.14"]
[SourceQuality "1"]

1. e4 d5 2. exd5 Qxd5 3. h3 Nf6 4. Nf3 Nc6 5. Nc3 Qd8 6. d4 a6 7. a3 e6 8. Bd3 g6 9. Bg5 h6 10. Be3 Bg7 11. Qd2 b6 12. 0-0-0 Bb7 13. Rhg1 Ne7 14. Ne5 Ned5 15. Nxd5 Nxd5 16. Be4 c5 17. c4 cxd4 18. Bxd4 Qc7 19. Nc6 Nf6 20. Bxf6 Bxf6 21. Qd6 Rc8 22. Qxc7 Rxc7 23. Rd6 Be7 24. Rgd1 Bxd6 25. Rxd6 Bxc6 26. Rxc6 Rxc6 27. Bxc6+ Ke7 28. Bb7 a5 29. Kc2 Rd8 30. Bf3 f5 31. Kc3 e5 32. Bd5 g5 33. g4 Rf8 34. f3 h5 35. gxf5 Rxf5 36. Kd3 Rf4 37. Be4 Rh4 38. Bf5 Rd4+ 39. Ke3 Rxc4 40. Bg6 Rh4 41. Bf5 Kd6 42. b3 Kc5 43. Be6 b5 0-1

[Event "FRA-ch Accession 97th"]
[Site "L'Alpe d'Huez"]
[Date "2024.08.25"]
[Round "9"]
[White "Defromont, Benjamin"]
[Black "Viel, Simon"]
[Result "1/2-1/2"]
[WhiteElo "2380"]
[BlackElo "2385"]
[PlyCount "121"]
[EventDate "2024.08.17"]
[EventType "swiss"]
[EventRounds "9"]
[EventCountry "FRA"]
[SourceTitle "CBM 221 Extra"]
[Source "ChessBase"]
[SourceDate "2024.09.30"]
[SourceVersion "1"]
[SourceVersionDate "2024.09.30"]
[SourceQuality "1"]

1. d4 Nf6 2. c4 g6 3. Nc3 d5 4. Bf4 Bg7 5. e3 0-0 6. cxd5 Nxd5 7. Nxd5 Qxd5 8. Bxc7 Na6 9. Bxa6 Qxg2 10. Qf3 Qxf3 11. Nxf3 bxa6 12. Rc1 Bb7 13. Ke2 f6 14. Rc5 e6 15. Rhc1 Rf7 16. Bg3 Re8 17. b3 g5 18. Nd2 Bf8 19. Rc7 h5 20. f3 h4 21. Rxf7 Kxf7 22. Rc7+ Re7 23. Rxe7+ Bxe7 24. Bb8 Bd8 25. Nc4 Kg6 26. Kf2 Bb6 27. Bd6 f5 28. Bc5 Bc7 29. Ne5+ Bxe5 30. dxe5 g4 31. f4 Kf7 32. Bxa7 Ke8 33. Bc5 Kd7 34. Bf8 Be4 35. Bh6 Kc6 36. Bg5 h3 37. Bh4 Bb1 38. a3 Ba2 39. e4 Bxb3 40. exf5 exf5 41. Kg3 Kd5 42. Bd8 Ke6 43. Ba5 Kd5 44. Be1 Ke4 45. Bf2 Bc4 46. Be1 Bb3 47. Bd2 Kd3 48. Bb4 Ke4 49. Bd6 Bc4 50. a4 a5 51. Bc7 Kd5 52. Bxa5 Bb3 53. Be1 Bxa4 54. Kh4 Ke6 55. Kg5 Bc2 56. Bg3 Be4 57. Kg6 Bd3 58. Kg7 Bc2 59. Kf8 Ba4 60. Be1 Bb5 61. Bg3 1/2-1/2

[Event "FISU World University"]
[Site "Entebbe"]
[Date "2024.06.28"]
[Round "6"]
[White "Defromont, Benjamin"]
[Black "Thilakarathne, GM Harshana"]
[Result "1-0"]
[WhiteElo "2380"]
[BlackElo "2356"]
[PlyCount "75"]
[EventDate "2024.06.25"]
[EventType "swiss"]
[EventRounds "9"]
[EventCountry "UGA"]
[SourceTitle "CBM 220 Extra"]
[Source "ChessBase"]
[SourceDate "2024.07.31"]
[SourceVersion "1"]
[SourceVersionDate "2024.07.31"]
[SourceQuality "1"]

1. e4 c5 2. Nf3 d6 3. Bb5+ Bd7 4. Bxd7+ Nxd7 5. 0-0 Ngf6 6. Qe2 g6 7. c3 Bg7 8. d4 cxd4 9. cxd4 0-0 10. Nc3 Nb6 11. b3 Rc8 12. Bb2 Nh5 13. Qe3 Qd7 14. Rfe1 d5 15. e5 Rc6 16. a4 Na8 17. h3 Bh8 18. Ba3 Ng7 19. Rac1 Rfc8 20. Ne2 Ne6 21. Rxc6 Rxc6 22. Rc1 Rxc1+ 23. Qxc1 Bg7 24. Ne1 f5 25. Nd3 Kf7 26. Qc3 Qc7 27. Qb4 Bf8 28. Nef4 Nxf4 29. Nxf4 Qc6 30. Qa5 e6 31. Bc5 b6 32. Qxa7+ Kg8 33. Nxe6 bxc5 34. Nd8 Qc7 35. Qxa8 cxd4 36. Qxd5+ Kh8 37. Ne6 Qc1+ 38. Kh2 1-0

[Event "FISU World University"]
[Site "Entebbe"]
[Date "2024.06.27"]
[Round "4"]
[White "Defromont, Benjamin"]
[Black "Walter, Szymon"]
[Result "0-1"]
[WhiteElo "2380"]
[BlackElo "2313"]
[PlyCount "86"]
[EventDate "2024.06.25"]
[EventType "swiss"]
[EventRounds "9"]
[EventCountry "UGA"]
[SourceTitle "CBM 220 Extra"]
[Source "ChessBase"]
[SourceDate "2024.07.31"]
[SourceVersion "1"]
[SourceVersionDate "2024.07.31"]
[SourceQuality "1"]

1. e4 c5 2. Nf3 e6 3. d4 cxd4 4. Nxd4 Nc6 5. Nc3 Nf6 6. Ndb5 d6 7. Bf4 e5 8. Bg5 a6 9. Na3 b5 10. Bxf6 gxf6 11. Nd5 Be6 12. g3 Bg7 13. Bg2 0-0 14. 0-0 Ne7 15. c4 Rb8 16. cxb5 axb5 17. Nc2 Bxd5 18. exd5 f5 19. Nb4 e4 20. Qe2 Qb6 21. Rfd1 Rbc8 22. Kh1 Rc7 23. f3 Rc4 24. a3 exf3 25. Bxf3 Ng6 26. Nc6 f4 27. Rf1 Qe3 28. gxf4 Qxf4 29. Rae1 Qh4 30. Rg1 Rf4 31. Rg3 Kh8 32. Reg1 Qf6 33. b4 Ra8 34. Bg2 Rf2 35. Qxb5 Nf4 36. Rf3 Rxf3 37. Bxf3 Qc3 38. Rf1 Rg8 39. a4 Bd4 40. Nxd4 Qxd4 41. Qd7 Nd3 42. Qxf7 Qg1+ 43. Rxg1 Nf2# 0-1

[Event "FISU World University-ch Blitz"]
[Site "Entebbe"]
[Date "2024.06.26"]
[Round "9"]
[White "Walter, Szymon"]
[Black "Defromont, Benjamin"]
[Result "0-1"]
[WhiteElo "2240"]
[BlackElo "2309"]
[PlyCount "58"]
[EventDate "2024.06.26"]
[EventType "swiss (blitz)"]
[EventRounds "9"]
[EventCountry "UGA"]
[SourceTitle "CBM 221 Extra"]
[Source "ChessBase"]
[SourceDate "2024.09.30"]
[SourceVersion "1"]
[SourceVersionDate "2024.09.30"]
[SourceQuality "1"]

1. e4 e5 2. Nf3 Nc6 3. Bb5 a6 4. Ba4 Nf6 5. 0-0 Be7 6. Re1 b5 7. Bb3 d6 8. c3 0-0 9. d4 Bg4 10. Be3 exd4 11. cxd4 Na5 12. Bc2 c5 13. Nbd2 Re8 14. Qb1 h6 15. h3 Bxf3 16. Nxf3 Bf8 17. Rd1 Nc4 18. Bc1 cxd4 19. Nxd4 Qc7 20. b3 Ne5 21. Bb2 Rac8 22. Re1 d5 23. exd5 Nxd5 24. Bh7+ Kh8 25. Bf5 Rcd8 26. Qc1 Qb6 27. Be4 Bc5 28. Rd1 Nf6 29. Qe3 Nc6 0-1

[Event "FRA-chT Top 16 Haute"]
[Site "Chartres"]
[Date "2024.06.09"]
[Round "4.14"]
[White "Mathieu, Phileas"]
[Black "Defromont, Benjamin"]
[Result "0-1"]
[WhiteElo "2295"]
[BlackElo "2380"]
[PlyCount "48"]
[EventDate "2024.06.06"]
[EventType "team-tourn"]
[EventRounds "4"]
[EventCountry "FRA"]
[SourceTitle "CBM 220 Extra"]
[Source "ChessBase"]
[SourceDate "2024.07.31"]
[SourceVersion "1"]
[SourceVersionDate "2024.07.31"]
[SourceQuality "1"]
[WhiteTeam "Lyon"]
[BlackTeam "Cannes"]
[WhiteTeamCountry "FRA"]
[BlackTeamCountry "FRA"]

1. e4 e6 2. d4 d5 3. Nd2 c5 4. exd5 Qxd5 5. Ngf3 cxd4 6. Bc4 Qd6 7. 0-0 Nc6 8. Nb3 Nf6 9. Nbxd4 Nxd4 10. Nxd4 Bd7 11. Bb3 Qc7 12. Re1 Bd6 13. h3 0-0-0 14. Qf3 Kb8 15. Bg5 e5 16. Bxf6 gxf6 17. Nf5 Bc6 18. Qc3 Rhg8 19. g3 Qc8 20. Ne3 Bb4 21. Qxb4 Rd4 22. Qc3 Qxh3 23. Bd5 Rxd5 24. Nf1 Rc5 0-1

[Event "FRA-chT Top 16 Haute"]
[Site "Chartres"]
[Date "2024.06.06"]
[Round "1.29"]
[White "Barbot, Pierre"]
[Black "Defromont, Benjamin"]
[Result "1/2-1/2"]
[WhiteElo "2425"]
[BlackElo "2380"]
[PlyCount "43"]
[EventDate "2024.06.06"]
[EventType "team-tourn"]
[EventRounds "4"]
[EventCountry "FRA"]
[SourceTitle "CBM 220 Extra"]
[Source "ChessBase"]
[SourceDate "2024.07.31"]
[SourceVersion "1"]
[SourceVersionDate "2024.07.31"]
[SourceQuality "1"]
[WhiteTeam "Grasse Echecs"]
[BlackTeam "Cannes"]
[WhiteTeamCountry "FRA"]
[BlackTeamCountry "FRA"]

1. d4 Nf6 2. c4 g6 3. g3 Bg7 4. Bg2 c5 5. Nf3 cxd4 6. Nxd4 Nc6 7. 0-0 h5 8. Nc3 h4 9. Bg5 h3 10. Bh1 Qa5 11. Bxf6 Bxf6 12. Nb3 Qd8 13. Qd2 d6 14. Rfd1 Be6 15. Nd5 Bg7 16. c5 0-0 17. Qg5 Bxd5 18. Bxd5 e6 19. Qxd8 Nxd8 20. Bf3 dxc5 21. Nxc5 Rc8 22. Nd7 1/2-1/2

[Event "FRA-chT Top 16 GpB"]
[Site "Chartres"]
[Date "2024.06.05"]
[Round "7.6"]
[White "Castro, John"]
[Black "Defromont, Benjamin"]
[Result "1/2-1/2"]
[WhiteElo "2240"]
[BlackElo "2393"]
[PlyCount "143"]
[EventDate "2024.05.30"]
[EventType "team-tourn"]
[EventRounds "7"]
[EventCountry "FRA"]
[SourceTitle "CBM 220 Extra"]
[Source "ChessBase"]
[SourceDate "2024.07.31"]
[SourceVersion "1"]
[SourceVersionDate "2024.07.31"]
[SourceQuality "1"]
[WhiteTeam "Medoc Lesparre"]
[BlackTeam "Cannes"]
[WhiteTeamCountry "FRA"]
[BlackTeamCountry "FRA"]

1. e4 g6 2. d4 Bg7 3. Nc3 d6 4. Be3 a6 5. Qd2 b5 6. 0-0-0 Nf6 7. f3 h5 8. h4 b4 9. Nce2 a5 10. Kb1 c6 11. Nf4 Ba6 12. Ngh3 Bxf1 13. Rhxf1 Nbd7 14. Qe2 Qc8 15. Ng5 Qa6 16. Qf2 Rc8 17. g4 Qb5 18. gxh5 Nxh5 19. Nxh5 Rxh5 20. f4 a4 21. f5 gxf5 22. e5 e6 23. Ne4 Bf8 24. Ng3 Rh8 25. Bg5 b3 26. cxb3 axb3 27. Nxf5 exf5 28. Qxf5 Qc4 29. axb3 Qe6 30. Qd3 d5 31. Qa6 Rb8 32. Qa7 Qg6+ 33. Ka1 Qc2 34. e6 fxe6 35. Rde1 Be7 36. Bxe7 Qxb3 37. Ba3 Qb6 38. Rxe6+ Kd8 39. Qa4 Qb5 40. Qxb5 Rxb5 41. Rxc6 Rxh4 42. Rd6 Rh7 43. Rf5 Kc7 44. Rfxd5 Rxd5 45. Rxd5 Rh1+ 46. Ka2 Rd1 47. Bc5 Nxc5 48. Rxc5+ Kb6 49. Rc4 Kb5 50. b3 Rd2+ 51. Ka3 Rd3 52. Kb2 Rh3 53. Rc8 Rh2+ 54. Ka3 Rd2 55. Rd8 Rd3 56. Kb2 Rh3 57. Rb8+ Kc6 58. Kc2 Kd5 59. Rd8+ Kc6 60. Rg8 Kb5 61. d5 Kc5 62. Rd8 Rh2+ 63. Kc3 Rh3+ 64. Kb2 Kb4 65. d6 Rh2+ 66. Kc1 Kc5 67. b4+ Kc6 68. b5+ Kxb5 69. Rc8 Rh7 70. Rc7 Rh6 71. d7 Rd6 72. Kc2 1/2-1/2

[Event "FRA-chT Top 16 GpB"]
[Site "Chartres"]
[Date "2024.05.30"]
[Round "1.14"]
[White "Dionisi, Thomas"]
[Black "Defromont, Benjamin"]
[Result "1-0"]
[WhiteElo "2396"]
[BlackElo "2393"]
[PlyCount "57"]
[EventDate "2024.05.30"]
[EventType "team-tourn"]
[EventRounds "7"]
[EventCountry "FRA"]
[SourceTitle "CBM 220 Extra"]
[Source "ChessBase"]
[SourceDate "2024.07.31"]
[SourceVersion "1"]
[SourceVersionDate "2024.07.31"]
[SourceQuality "1"]
[WhiteTeam "St Quentin"]
[BlackTeam "Cannes"]
[WhiteTeamCountry "FRA"]
[BlackTeamCountry "FRA"]

1. e4 c5 2. Nf3 e6 3. d4 cxd4 4. Nxd4 Nf6 5. Nc3 Nc6 6. Be2 Bb4 7. 0-0 Bxc3 8. bxc3 Nxe4 9. Nxc6 dxc6 10. Bd3 Nf6 11. c4 0-0 12. Re1 e5 13. Rxe5 Bg4 14. Qd2 Bh5 15. Ba3 Re8 16. Rxe8+ Nxe8 17. Qb4 Nf6 18. Qxb7 Bg6 19. Qxc6 Rc8 20. Qd6 Qa5 21. Bb4 Qh5 22. Re1 h6 23. h3 Kh7 24. Bc3 Qg5 25. Bxf6 gxf6 26. Qd7 Rf8 27. Qxa7 f5 28. Qe3 Re8 29. Qxe8 1-0

[Event "FRA-ch U26"]
[Site "Bastia"]
[Date "2024.04.06"]
[Round "6"]
[White "Defromont, Benjamin"]
[Black "Destic, Elena"]
[Result "1-0"]
[WhiteElo "2393"]
[BlackElo "1946"]
[PlyCount "75"]
[EventDate "2024.04.06"]
[EventType "swiss"]
[EventRounds "9"]
[EventCountry "FRA"]
[SourceTitle "CBM 219 Extra"]
[Source "ChessBase"]
[SourceDate "2024.05.31"]
[SourceVersion "1"]
[SourceVersionDate "2024.05.31"]
[SourceQuality "1"]

1. e4 c6 2. Nf3 d5 3. d3 dxe4 4. dxe4 Qxd1+ 5. Kxd1 Bg4 6. Be2 g6 7. Ne5 Bxe2+ 8. Kxe2 Bg7 9. Nd3 Na6 10. Be3 Nf6 11. f3 Nd7 12. Nd2 h5 13. Nc4 b6 14. a4 Bh6 15. Bf2 Rd8 16. Rhd1 f6 17. b4 Nc7 18. a5 b5 19. Ncb2 a6 20. Bb6 Rc8 21. Nc5 Nxc5 22. bxc5 Kf7 23. Nd3 Ne6 24. Nb4 Bf4 25. Nxa6 Bxh2 26. Nb4 Be5 27. Ra3 h4 28. Rh1 Nf4+ 29. Kf1 Nh5 30. Rh3 Nf4 31. a6 Nxh3 32. gxh3 Bb8 33. a7 Bxa7 34. Rxa7 Ke6 35. Kf2 Ra8 36. Nxc6 Rxa7 37. Nxa7 Rb8 38. c6 1-0

[Event "BEL-chT 2324"]
[Site "Belgium"]
[Date "2024.03.10"]
[Round "9.1"]
[White "Ikonnikov, Vyacheslav"]
[Black "Defromont, Benjamin"]
[Result "1/2-1/2"]
[WhiteElo "2463"]
[BlackElo "2406"]
[PlyCount "127"]
[EventDate "2023.09.24"]
[EventType "team-tourn"]
[EventRounds "11"]
[EventCountry "BEL"]
[SourceTitle "EXT 2025"]
[Source "ChessBase"]
[SourceDate "2024.10.14"]
[SourceVersion "1"]
[SourceVersionDate "2024.10.14"]
[SourceQuality "1"]
[WhiteTeam "Jean Jaures Ghent"]
[BlackTeam "KOSK"]
[WhiteTeamCountry "BEL"]
[BlackTeamCountry "BEL"]

1. d4 Nf6 2. Nf3 g6 3. c4 Bg7 4. Nc3 0-0 5. e4 d6 6. Be2 e5 7. d5 a5 8. Be3 Na6 9. Nd2 Nd7 10. 0-0 f5 11. f3 Qh4 12. Qe1 Qe7 13. exf5 gxf5 14. a3 Kh8 15. Kh1 Bf6 16. Bd3 Bg5 17. f4 exf4 18. Bxf4 Ne5 19. Bxg5 Qxg5 20. Nf3 Qg7 21. Nxe5 dxe5 22. Qg3 Qxg3 23. hxg3 Bd7 24. Rae1 Rae8 25. Bc2 Kg7 26. Kg1 Rf6 27. Re3 h5 28. Rfe1 Rb6 29. Na4 Bxa4 30. Bxa4 Re7 31. Rxe5 Rxe5 32. Rxe5 Kf6 33. Re2 Nc5 34. Be8 Ne4 35. Kh2 Ke5 36. c5 Rf6 37. c6 b5 38. Kg1 Kxd5 39. Bxh5 Rxc6 40. Be8 Rc1+ 41. Kh2 b4 42. axb4 axb4 43. Bg6 Nd6 44. g4 fxg4 45. Kg3 Rc4 46. Kh4 Rd4 47. Bh5 Ne4 48. Bf7+ Kd6 49. Bg6 Nd2 50. Bf5 Nc4 51. Kg5 g3 52. b3 Na5 53. Re6+ Kd5 54. Re3 Rd2 55. Rxg3 Nxb3 56. Rxb3 Rxg2+ 57. Kf4 Rf2+ 58. Rf3 Rxf3+ 59. Kxf3 Kd4 60. Ke2 Kc3 61. Kd1 c5 62. Kc1 c4 63. Be6 b3 64. Bxc4 1/2-1/2

[Event "Cappelle op 40th"]
[Site "Cappelle la Grande"]
[Date "2024.03.08"]
[Round "9"]
[White "Girel, Joseph"]
[Black "Defromont, Benjamin"]
[Result "1-0"]
[WhiteElo "2486"]
[BlackElo "2401"]
[PlyCount "165"]
[EventDate "2024.03.02"]
[EventType "swiss"]
[EventRounds "9"]
[EventCountry "FRA"]
[SourceTitle "CBM 219 Extra"]
[Source "ChessBase"]
[SourceDate "2024.05.31"]
[SourceVersion "1"]
[SourceVersionDate "2024.05.31"]
[SourceQuality "1"]

1. d4 Nf6 2. c4 g6 3. Nc3 Bg7 4. e4 d6 5. Nf3 0-0 6. Be2 Na6 7. 0-0 e5 8. Re1 h6 9. Bf1 Bg4 10. dxe5 Bxf3 11. Qxf3 dxe5 12. Be3 Nd7 13. Qh3 Ndc5 14. Bxh6 Bxh6 15. Qxh6 c6 16. Rab1 Ne6 17. b4 Qf6 18. c5 Nac7 19. Bc4 Rfd8 20. Qe3 Rd4 21. Bxe6 Nxe6 22. Ne2 Rd7 23. Rbd1 Rad8 24. Qc1 Nd4 25. Nxd4 Rxd4 26. a3 Qe6 27. Qc2 Rxd1 28. Rxd1 Rxd1+ 29. Qxd1 Qc4 30. Qe1 Qd3 31. a4 a5 32. bxa5 Qc2 33. h3 Qxc5 34. Qb1 Kg7 35. Qb6 Qc4 36. g3 Qxa4 37. Qxb7 Qxa5 38. Qxc6 Qd8 39. Kg2 Qg5 40. Qd5 Qe7 41. h4 Qf6 42. Qc5 Qe6 43. Qc3 Kh7 44. Qf3 Kh6 45. Qe3+ Kg7 46. Qg5 f6 47. Qd2 Qg4 48. Qb4 Qd7 49. Qc5 Qe6 50. Qc7+ Kh6 51. Qb8 Kg7 52. Qb7+ Kh8 53. Qd5 Qe7 54. Qd1 Qf7 55. Kh3 Kh7 56. Qd6 Kg7 57. Kg2 Qb7 58. Qd5 Qe7 59. Kf3 Qa3+ 60. Kg4 Qa7 61. Kf3 Qa3+ 62. Ke2 Qa6+ 63. Qd3 Qa2+ 64. Kf1 Qe6 65. Qf3 Qf7 66. g4 Qe6 67. Kg2 Qc8 68. h5 Qc1 69. hxg6 Kxg6 70. Qf5+ Kg7 71. g5 fxg5 72. Qxe5+ Kg6 73. Qf5+ Kh6 74. Qf6+ Kh7 75. e5 Kg8 76. e6 Qc6+ 77. Kg3 Qd6+ 78. Kg4 Qd1+ 79. Qf3 Qd4+ 80. Kxg5 Qg7+ 81. Kh4 Qh6+ 82. Qh5 Qxe6 83. Qg4+ 1-0

[Event "Djerba op-A"]
[Site "Djerba"]
[Date "2024.02.18"]
[Round "1"]
[White "Schenaoui, Nabil"]
[Black "Defromont, Benjamin"]
[Result "0-1"]
[WhiteElo "2115"]
[BlackElo "2396"]
[PlyCount "97"]
[EventDate "2024.02.18"]
[EventType "swiss"]
[EventRounds "9"]
[EventCountry "TUN"]
[SourceTitle "EXT 2025"]
[Source "ChessBase"]
[SourceDate "2024.10.14"]
[SourceVersion "1"]
[SourceVersionDate "2024.10.14"]
[SourceQuality "1"]

1. d4 Nf6 2. Bf4 c5 3. e3 Nd5 4. Bg3 Qb6 5. b3 cxd4 6. Qxd4 Qxd4 7. exd4 Nc6 8. c3 g6 9. Bc4 Nb6 10. Bd3 Bg7 11. Nf3 d6 12. 0-0 0-0 13. Nbd2 Bd7 14. Rac1 Rae8 15. Nc4 Nd5 16. Ne3 Nxe3 17. fxe3 e5 18. Bc4 Bh6 19. Rce1 Kg7 20. Bf2 f5 21. Rd1 e4 22. Nd2 Ne7 23. Rde1 b5 24. Be2 Nd5 25. Bxb5 Bxb5 26. c4 Ba6 27. cxd5 Bxf1 28. Kxf1 f4 29. Ke2 Rf5 30. Rc1 Re7 31. Rc6 Rxd5 32. Nc4 Rh5 33. h3 d5 34. Ne5 Rf5 35. Rc5 Bg5 36. exf4 Bxf4 37. g4 Rf8 38. Rxd5 Rc8 39. Nc4 Rc6 40. Rd8 Ra6 41. a3 Rb7 42. d5 Rxb3 43. Bd4+ Kh6 44. h4 Rh3 45. Rd7 Rxh4 46. d6 Rh2+ 47. Kf1 Rc6 48. Rc7 Rxc7 49. Be5 0-1

[Event "Torino op 53rd"]
[Site "Torino"]
[Date "2024.01.06"]
[Round "8"]
[White "Cappelletto, Joshuaede"]
[Black "Defromont, Benjamin"]
[Result "1-0"]
[WhiteElo "2320"]
[BlackElo "2423"]
[PlyCount "51"]
[EventDate "2024.01.02"]
[EventType "swiss"]
[EventRounds "9"]
[EventCountry "ITA"]
[SourceTitle "CBM 218 Extra"]
[Source "ChessBase"]
[SourceDate "2024.03.31"]
[SourceVersion "1"]
[SourceVersionDate "2024.03.31"]
[SourceQuality "1"]

1. e4 g6 2. d4 Bg7 3. Nc3 d6 4. Be3 a6 5. h4 Nf6 6. f3 h5 7. Qd2 b5 8. 0-0-0 b4 9. Nce2 a5 10. Kb1 c6 11. Nf4 Qc7 12. Bc4 Ba6 13. Bxf7+ Kxf7 14. Ngh3 Bh6 15. Ng5+ Bxg5 16. hxg5 Ne8 17. d5 Bc8 18. Bd4 Rg8 19. Ne6 Bxe6 20. Qf4+ Nf6 21. dxe6+ Kxe6 22. gxf6 c5 23. e5 d5 24. f7 Rf8 25. Qh6 Kxf7 26. e6+ 1-0